• 首页
  • 本馆介绍
  • 公告通知
  • 最新文献
  • 馆藏检索
  • 电子资源
  • 读者导购
  • 参考咨询
  • 我的图书馆
  • 登录
  • 详细信息显示
  • 放入我的书架
  • 预约/预借图书
  • 作者相关作品
  • 分类相关作品
  • 丛书相关作品
  • 出版社相关作品

书目信息

  • 表格格式
  • 工作单格式
  • 卡片格式
题名:
电工材料实验指导
    
 
作者: 库尔林 著 ;沈以清 , 李彬权 译
分册:  
出版信息: 北京   高等教育出版社  1956
页数: 121页
开本: 20cm
丛书名:
单 册:
中图分类: TM2
科图分类:
主题词: 电工材料
电子资源:
ISBN:
000 00762nam0 2200253 450
001 0532221745
005 20051228090105.21
010    @dCNY0.65
091    @a15010.105
100    @a20051228d1956 km y0chiy0120 ea
101 0  @achi
102    @aCN@b110000
102    @aCN@b110000
200 1  @a电工材料实验指导@Adian gong cai liao shi yan zhi dao@f(苏)М·В·库尔林等著@F(su)М·В·ku er lin deng zhu@g沈以清,李彬权译@Gshen yi qing,li bin quan yi
210    @a北京@c高等教育出版社@d1956
215 1  @a121页@d20cm
300    @a高等学校教学用书
606 0  @a电工材料
690    @aTM2@v4
701  0 @a库尔林@Aku er lin@4著
702  0 @a沈以清@Ashen yi qing@4译
702  0 @a李彬权@Ali bin quan@4译
801  0 @aCN@bPFT@c20051228
905    @a10447@dTM2@e1
    
    电工材料实验指导/(苏)М·В·库尔林等著/沈以清,李彬权译.-北京:高等教育出版社,1956
    121页;20cm
    高等学校教学用书
    
    ISBN :CNY0.65
    
●
相关链接 在E读中查询图书 在五车中查询图书 在当当中查询图书 在豆瓣中查询图书


正题名:电工材料实验指导     索取号:TM2/1         预约/预借

序号 登录号 条形码 馆藏地/架位号 状态 备注
1 0015864   202183083   密集书库/ [索取号:TM2/1] 在馆    
唐山师范学院图书馆 欢迎您!
大连网信软件有限公司© 版权所有